| 000 | 00620nam a2200205Ia 4500 | ||
|---|---|---|---|
| 003 | GCL | ||
| 008 | 140319s9999 xx 000 0 eng d | ||
| 040 |
_aGCL / _cGCL |
||
| 082 | 0 | 4 |
_a320.973 _bC A |
| 100 | 1 | _aCYR, ARTHUR I | |
| 245 | 1 | 0 |
_aAFTER THE COLD WAR: AMERICAN FOREIGN, POLICY, EUROPE AND ASIA / _cCYR, ARTHUR I |
| 260 |
_a[S.N] : _bMACMILIAN ، _c1997 |
||
| 300 | _a204 P | ||
| 650 | 0 | 4 | _aFOREIGN RELATIONS |
| 650 | 0 | 4 | _aCOLD WAR |
| 650 | 0 | 4 | _aUNITED STATES - FOREIGN RELATIONS |
| 650 | 0 | 4 | _aUNITED STATES - FOREIGN AFFAIRS - EUROPE |
| 650 | 0 | 4 | _aUNITED STATES - FORIEGN AFFAIRS - ASIA |
| 942 |
_2ddc _cBK |
||
| 999 |
_c16165 _d16165 |
||